000 00335nam a2200121 i 4500
001 bg
245 0 _aInformator o materiałach konferencyjnych zgromadzonych w bibliotece Centrum Postępu Technicznego SIMP.
260 _aRydzyna,
_c1986.
040 _cBPK
041 _apol
942 _cKS
008 s pl f |000 0 pol
999 _c23492
_d23492
856 _uhttp://koha.tu.koszalin.pl/cgi-bin/koha/opac-detail.pl?biblionumber=23492
_yKatalog online BPK